|
|
|
|
| LEADER |
00000cam a2200000 7i4500 |
| 001 |
0000002814 |
| 005 |
20040116.0 |
| 020 |
0 |
0 |
|a 9622582931
|
| 090 |
0 |
0 |
|a 428.2
|b REA 2003
|
| 245 |
0 |
0 |
|a READERS'S Digest bilingual selections : always by your side .
|l Readers's Digest pilihan dwibahasa : sentiasa di samping-mu
|c editor, Peter Dockrill
|
| 260 |
0 |
0 |
|a Hong Kong :
|b Reader's Digest Assoc. ,
|c 2003
|
| 300 |
|
|
|a 203 p. :
|b col. ill. ;
|c 21 cm.
|
| 650 |
0 |
0 |
|a English language
|x Glossaries, vocabularies, etc.
|
| 650 |
0 |
0 |
|a English language
|x Rhetoric
|
| 700 |
0 |
1 |
|a Dockrill
|h Peter
|
| 745 |
0 |
0 |
|a Reader's Digest pilihan dwibahasa : sentiasa di samping-mu
|
| 998 |
|
|
|a JPSM
|
| 999 |
|
|
|a 0000003932
|b Monograph
|c Open Shelf
|e Default branch
|